El río Loa, el arte rupestre de Taira y el mito de Yakana

El presente artículo pretende responder a las interrogantes como por ejemplo por qué el arte rupestre se desarrolla en Taira, ¿qué significado visual tuvo? ¿cual fue su función en la sociedad aborigen del Alto Loa?

Bibliographic Details
Main Author: Berenguer, José Angel 1946-
Other Authors: Martínez, José
Format: Analitica de revista
Language:Spanish
Published: Santiago, Chile: Museo de Arte Precolombino, 1986.
Subjects:
Online Access:Acceso electrónico al documento

MARC

LEADER 00000cab a2200000 a 4500
001 026389
003 UAHC_CL
005 20240822193450.0
008 040708s1986 cl j 000 1 spa
040 |a UAHC_CL  |c UAHC_CL  |d UAHC_CL 
100 |a Berenguer, José Angel  |d 1946-  |9 20182 
245 1 3 |a El río Loa, el arte rupestre de Taira y el mito de Yakana  |c José Berenguer ; José Martínez. 
260 |a Santiago, Chile:  |b Museo de Arte Precolombino,  |c 1986. 
300 |a pp. 79-99 
500 |a En: Boletín del Museo Chileno de Arte Precolombino, n°1, 1986. pp. 79-99. 
520 |a El presente artículo pretende responder a las interrogantes como por ejemplo por qué el arte rupestre se desarrolla en Taira, ¿qué significado visual tuvo? ¿cual fue su función en la sociedad aborigen del Alto Loa? 
650 0 |9 5927  |a Pintura rupestre  |z Chile 
650 0 |9 7398  |a Mito 
700 1 |a Martínez, José 
773 0 |t Boletín del museo chileno de arte precolombino.  |w 026361 
856 |u http://boletinmuseoprecolombino.cl/wp/wp-content/uploads/2015/12/bol1-05.pdf  |y Acceso electrónico al documento 
942 |c REVA  |2 ddc 
952 |0 0  |1 0  |4 0  |6 RECURSO_ELECTRONICO  |7 0  |8 COMP  |9 53260  |a BC  |b BC  |c General  |d 2017-08-03  |l 0  |o RECURSO ELECTRONICO  |r 2019-01-08 00:00:00  |w 2017-08-03  |y REVA  |B ANT 
999 |c 26389  |d 26389